|
|
|
|
| LEADER |
03047nam a2200373 a 4500 |
| 001 |
17930 |
| 003 |
BD-DhAAL |
| 008 |
090623s2007 njua b 001 0 eng d |
| 010 |
|
|
|a 2005052712
|
| 020 |
|
|
|a 0131866834
|
| 040 |
|
|
|a DLC
|c DLC
|d DLC
|d BD-DhAAL
|
| 082 |
0 |
0 |
|a 658.85
|2 22
|
| 100 |
1 |
|
|a Manning, Gerald L.
|9 722
|
| 245 |
1 |
0 |
|a Selling today :
|b creating customer value /
|c Gerald L. Manning, Barry L. Reece.
|
| 250 |
|
|
|a Tenth edition.
|
| 260 |
|
|
|a Upper Saddle River, N.J. :
|b Pearson Prentice Hall,
|c c2007.
|
| 300 |
|
|
|a xxxiv, 554 pages :
|b illustrations (chiefly col.) ;
|c 27 cm + 1 CD-ROM (4 3/4 in.)
|
| 504 |
|
|
|a Includes bibliographical references (pages 521-533) and index.
|
| 526 |
|
|
|a BBS
|x Suntu Kumar Ghosh,
Faculty member of BRAC University
Course no. : MKT 422
|
| 541 |
1 |
|
|e 17930, 17931, 17932, 17934
|a D.S. Books International
|
| 650 |
|
0 |
|a Selling.
|
| 700 |
1 |
|
|a Reece, Barry L.
|9 724
|
| 852 |
4 |
|
|a Ayesha Abed Library
|c General Stacks
|
| 942 |
|
|
|2 ddc
|c BK
|
| 999 |
|
|
|c 10088
|d 10088
|
| 952 |
|
|
|0 0
|1 0
|2 ddc
|4 0
|6 658_850000000000000_MAN_2007
|7 0
|9 13302
|a BRACUL
|b BRACUL
|c GEN
|d 2010-11-27
|e D. S. Books International
|l 5
|m 27
|o 658.85 MAN
|p 3010017934
|r 2023-06-17
|s 2023-06-01
|t 4
|w 2010-11-27
|y BK
|x Requisitioned by Suntu Kumar Ghosh (Faculty member of BRAC University) for the course no. MKT 422 ; USD 173.33
|
| 952 |
|
|
|0 0
|1 0
|2 ddc
|4 0
|6 658_850000000000000_MAN_2007
|7 0
|9 13303
|a BRACUL
|b BRACUL
|c GEN
|d 2010-11-27
|e D. S. Books International
|l 4
|m 19
|o 658.85 MAN
|p 3010017930
|r 2025-06-29
|s 2025-03-04
|t 1
|w 2010-11-27
|y BK
|x Requisitioned by Suntu Kumar Ghosh (Faculty member of BRAC University) for the course no. MKT 422 ; USD 173.33
|
| 952 |
|
|
|0 0
|1 0
|2 ddc
|4 0
|6 658_850000000000000_MAN_2007
|7 0
|9 13304
|a BRACUL
|b BRACUL
|c GEN
|d 2010-11-27
|e D. S. Books International
|l 2
|m 10
|o 658.85 MAN
|p 3010017931
|q 2017-12-18
|r 2011-05-05
|s 2011-05-05
|t 2
|w 2010-11-27
|y BK
|x Requisitioned by Suntu Kumar Ghosh (Faculty member of BRAC University) for the course no. MKT 422 ; USD 173.33
|
| 952 |
|
|
|0 0
|1 1
|2 ddc
|4 0
|6 658_850000000000000_MAN
|7 0
|9 13305
|a BRACUL
|b BRACUL
|c GEN
|d 2010-11-27
|e D. S. Books International
|g 11900.00
|l 0
|o 658.85 MAN
|p 3010017932
|r 2011-03-09
|t 3
|w 2010-11-27
|y BK
|x Requisitioned by Suntu Kumar Ghosh (Faculty member of BRAC University) for the course no. MKT 422 ; USD 173.33
|
| 952 |
|
|
|0 0
|1 0
|2 ddc
|4 0
|6 658_850000000000000_MAN_2007
|7 0
|9 13306
|a BRACUL
|b BRACUL
|c AV
|d 2010-11-27
|l 0
|o 658.85 MAN
|p 4010017934
|r 2010-11-27
|t 1
|w 2010-11-27
|y AV
|
| 952 |
|
|
|0 0
|1 0
|2 ddc
|4 0
|6 658_850000000000000_MAN_2007
|7 0
|9 62222
|a BRACUL
|b BRACUL
|c AV
|d 2010-11-27
|l 0
|o 658.85 MAN
|p 4010017931
|r 2017-12-07
|t 2
|w 2010-11-27
|y AV
|
| 952 |
|
|
|0 0
|1 0
|2 ddc
|4 0
|6 658_850000000000000_MAN_2007
|7 0
|9 62225
|a BRACUL
|b BRACUL
|c AV
|d 2010-11-27
|l 0
|o 658.85 MAN
|p 4010017930
|r 2017-12-07
|t 3
|w 2010-11-27
|y AV
|
| 952 |
|
|
|0 0
|1 0
|2 ddc
|4 0
|6 658_850000000000000_MAN_2007
|7 0
|9 62226
|a BRACUL
|b BRACUL
|c AV
|d 2010-11-27
|l 0
|o 658.85 MAN
|p 4010017932
|r 2017-12-07
|t 4
|w 2010-11-27
|y AV
|
| 952 |
|
|
|0 0
|1 0
|2 ddc
|4 0
|6 658_850000000000000_MAN_2007
|7 0
|9 62227
|a BRACUL
|b BRACUL
|c AV
|d 2010-11-27
|l 0
|o 658.85 MAN
|p 4010017933
|r 2017-12-07
|t 5
|w 2010-11-27
|y AV
|